Empresas de producción social Instrumento para el socialismo del siglo XXI /

Đã lưu trong:
Chi tiết về thư mục
Tác giả chính: El Troudi, Haiman
Tác giả của công ty: e-libro, Corp
Tác giả khác: Monedero, Juan Carlos
Định dạng: eBook
Ngôn ngữ:Tiếng Tây Ban Nha
Được phát hành: [Caracas] : Centro Internacional Miranda, 2006.
Phiên bản:2a ed.
Những chủ đề:
Truy cập trực tuyến:https://elibro.unach.elogim.com/es/lc/unach/titulos/76144
Các nhãn: Thêm thẻ
Không có thẻ, Là người đầu tiên thẻ bản ghi này!

MARC

LEADER 00000nam a2200000 a 4500
001 ELB76144
003 FlNmELB
006 m o d |
007 cr cn|||||||||
008 201208r2006 sp |||||s|||||||||||spa d
020 |z 9789801220251 
035 |a (MiAaPQ)EBC3200436 
035 |a (Au-PeEL)EBL3200436 
035 |a (CaPaEBR)ebr10577006 
035 |a (OCoLC)929368170 
040 |a FlNmELB  |b spa  |c FlNmELB 
050 4 |a HN366  |b T859 2006 
080 |a 330.342.151(87)"20" 
082 0 4 |a 309.187  |2 22 
100 1 |a El Troudi, Haiman. 
245 1 0 |a Empresas de producción social  |h [recurso electronico] :  |b Instrumento para el socialismo del siglo XXI /  |c Haiman El Troudi, Juan Carlos Mondero. 
250 |a 2a ed. 
260 |a [Caracas] :  |b Centro Internacional Miranda,  |c 2006. 
300 |a 78 p. 
533 |a Recurso electrónico. Santa Fe, Arg.: e-libro, 2015. Disponible vía World Wide Web. El acceso puede estar limitado para las bibliotecas afiliadas a e-libro. 
650 4 |a Economía social  |z Venezuela  |y s.21. 
651 4 |a Venezuela  |x Social conditions. 
651 4 |a Venezuela  |x Economic policy. 
655 4 |a Libros electrónicos. 
700 1 |a Monedero, Juan Carlos. 
710 2 |a e-libro, Corp. 
856 4 0 |u https://elibro.unach.elogim.com/es/lc/unach/titulos/76144